000 01463cam a2200277 4500
008 031117n2003 000 0 eng u
020 _a1860816061
035 _a(Sirsi) u124340
041 _aeng
050 _a658.404
_c18
100 _aPrior, Josephine J.
245 _aGetting it right
_ba clients' guide to functionality
260 _aWatford
_bBRE
_c2003
300 _aiv, 38p.
_c30cm
350 _a35
490 _aBRE BR
_v452
520 _aThe main purpose of this client's guide to functionality in construction is to show how functionality of construction products can add value to business, so that it can become and intrinsic part of both the decision to build and the briefing process. Shows clients of the construction industry and their suppliers the importance of functionality in construction, where construction means all built facilities, including buildings and infrastructure. Functionality is about enabling things to happen, adding value to business and meeting personal aspirations. Includes details of steps which can be taken and existing tools available to enable functionality to be considered part of the construction briefing process and of the business review process.
650 _aCLIENT RELATIONS
650 _aCLIENTS
650 _aCLIENT BRIEFING
650 _aCONSTRUCTION BRIEFING
650 _aBRIEFING PROCESS
690 _aBUILDING AND CONSTRUCTION-PROJECTS
700 _aRizzi, Federico
942 _n0
999 _c103208
_d103208